00234nas a22000977a 4500022003800000082000800038110001800046245005000064260001200114300001000126 a2413-8657 Print, 2313-0113 Online a658 ageist science aJournal of management sciencescgeist science aKarachi b22 cm